000 00915nam a2200229 a 4500
001 BRCA_4418
005 20190320204650.0
008 190810m19761977mx-a######---#000-0#spa-#
041 _aspa
044 _amx
050 4 _aF1386
_b.N49 1976
245 1 0 _aNezahualcoyotl.
260 _aMéxico
_bGobierno del Estado de México
_c1976-1977
300 _a8 v.
_bil.
_c13 cm.
440 0 _aSerie Nezahualcoyotl
_pBiografías de grandes personajes
_911225
500 _aColección Sonia Corcuera de Mancera
505 0 _aContenido: v.1. Nezahualcoyotl. -- v.2. Fray Martín de Valencia. -- v.3. José Antonio Alzate. -- v.4. Joaquín Velázquez de Leon. -- v.5. Condes de Santiago Calimaya. -- v.6. Bernardino de Sahagún. -- v.7. Fray Pedro de Gante. -- v.8. Motecuhzoma Ilhuicamina
650 1 4 _aGobernantes
_vBiografías
_zMéxico
_92409
651 4 _aMéxico
_vBiografías
_92411
902 _aDSC
942 _2lcc
_cB
999 _c4127
_d4127